<?xml version="1.0" encoding="UTF-8" ?>
<collection xmlns="http://www.loc.gov/MARC21/slim"><record><leader>01115nam a2200277   4500</leader><controlfield tag="001">231776</controlfield><controlfield tag="003">CH-000273-5</controlfield><controlfield tag="005">20260407114409.0</controlfield><datafield tag="020" ind1=" " ind2=" "><subfield code="a">979-12-5460-087-0</subfield></datafield><datafield tag="040" ind1=" " ind2=" "><subfield code="a">CH-000273-5</subfield><subfield code="b">ger</subfield><subfield code="e">rda</subfield></datafield><datafield tag="041" ind1="0" ind2=" "><subfield code="a">fre</subfield><subfield code="a">eng</subfield></datafield><datafield tag="245" ind1="0" ind2="0"><subfield code="a">Rien de trop beau pour les dieux</subfield><subfield code="b">autels et création contemporaine = Nothing too beautiful for the gods : altars and contemporary creation</subfield><subfield code="c">Jean-Hubert Martin</subfield></datafield><datafield tag="246" ind1="1" ind2="1"><subfield code="a">Nothing too beautiful for the gods</subfield></datafield><datafield tag="264" ind1=" " ind2="1"><subfield code="a">Milan</subfield><subfield code="b">5 Continents</subfield><subfield code="c">[2025]</subfield></datafield><datafield tag="300" ind1=" " ind2=" "><subfield code="a">191 Seiten</subfield><subfield code="b">Illustrationen</subfield><subfield code="c">28 cm</subfield></datafield><datafield tag="336" ind1=" " ind2=" "><subfield code="a">Text</subfield><subfield code="b">txt</subfield><subfield code="2">rdacontent</subfield></datafield><datafield tag="336" ind1=" " ind2=" "><subfield code="a">unbewegtes Bild</subfield><subfield code="b">sti</subfield><subfield code="2">rdacontent</subfield></datafield><datafield tag="337" ind1=" " ind2=" "><subfield code="a">ohne Hilfsmittel zu benutzen</subfield><subfield code="b">n</subfield><subfield code="2">rdamedia</subfield></datafield><datafield tag="338" ind1=" " ind2=" "><subfield code="a">Band</subfield><subfield code="b">nc</subfield><subfield code="2">rdacarrier</subfield></datafield><datafield tag="546" ind1=" " ind2=" "><subfield code="a">Paralleltext französisch und englisch</subfield></datafield><datafield tag="650" ind1=" " ind2="7"><subfield code="a">Altar</subfield><subfield code="x">Religiöse Kunst</subfield><subfield code="y">Geschichte 1971-2024</subfield><subfield code="2">gnd</subfield></datafield><datafield tag="655" ind1=" " ind2="7"><subfield code="a">Ausstellungskatalog</subfield><subfield code="x">Fondation Opale</subfield><subfield code="y">15.12.2024-20.04.2025</subfield><subfield code="z">Lens (Wallis)</subfield><subfield code="2">gnd-content</subfield></datafield><datafield tag="655" ind1=" " ind2="7"><subfield code="a">Bildband</subfield><subfield code="2">gnd-content</subfield></datafield><datafield tag="700" ind1="1" ind2=" "><subfield code="a">Martin, Jean Hubert</subfield><subfield code="d">1944-</subfield><subfield code="e">Herausgeber</subfield><subfield code="4">edt</subfield></datafield><datafield tag="710" ind1="2" ind2=" "><subfield code="a">Fondation Opale</subfield><subfield code="e">Veranstalter</subfield><subfield code="4">orm</subfield></datafield><datafield tag="852" ind1="4" ind2=" "><subfield code="a">CH-000273-5</subfield><subfield code="c">C 2026/0015</subfield></datafield></record></collection>